all star mvps since 2000 - Statistics

General Stats
  • This quiz has been taken 12 times
  • The average score is 16 of 24
Answer Stats
Hint Answer % Correct
2022 Stephen curry
100%
2011 Kobe Bryant
92%
2009 Kobe bryant
92%
2008 Kobe bryant
92%
2006 Kobe bryant
92%
2002 Kobe bryant
92%
2018 lebron james
92%
2004 Shaquille O'Neal
92%
2019 kevin durant
75%
2014 kevin durant
75%
2012 Kevin durant
75%
2017 Anthony davis
67%
2005 allen iverson
58%
2001 allen iverson
58%
2020 kawhi leonard
58%
2016 kawhi leonard
58%
2015 Russell westbrook
58%
2007 allen iverson
50%
2000 allen iverson
50%
2023 Jayson tatum
50%
2013 Chris paul
33%
2021 Giannis antetokoumpo
33%
2003 kevin garnett
33%
2010 Amare Stoudemire
8%
No matching quizzes found
Score Distribution
Percent of People with Each Score
Percentile by Number Answered
Your Score History
You have not taken this quiz